00519nam a2200181Ia 4500999001700000003000400017005001700021008004100038020001500079040001800094082001900112100002700131245007900158260003700237300000900274650001000283942004400293 c15647d15647OSt20200606115829.0190216s9999||||xx |||||||||||||| ||und|| a8170552346 cMESKC library a891.431bJAI/R aJain, Premchandre9357 0aRehasyavadi Jain Apabramsha Kavya Ka Hindi Par Prabhav /cPremchandre Jain bVaani Prakashan,aDelhi:c1991. a135p aHindi cBK2ddch891.431iJAI/Rk891.431mJAI/R